Statistiques concernant Questions films Pixar

Cliquez ici pour prendre le quiz!

Statistiques générales

  • Ce quiz a été pris 160 fois
  • Le résultat moyen est 10 sur 15

Statistiques - réponses

QuestionRéponse% Correct
Quel est le super pouvoir de Flèche dans le film Les Indestructibles ?La vitesse
99%
Dans le film Cars, quelle est la ville dans laquelle Flash McQueen rencontre Martin le dépanneur ?Radiator Springs
89%
Dans quel film apparaît Lotso ?Toy Story 3
85%
Comment s'appelle le frère de Rémy dans le film Ratatouille ?Emile
83%
Comment s'appelle le fils des voisins de la famille d'Andy, dans le film Toy Story 1 ?Sid
78%
Quel est le nom du père de Buzz l'éclair ?Zurg
73%
A qui Andy confie-il ses jouets à la fin de Toy Story 3 ?Bonnie
70%
Comment s'appelle la garderie dans Toy Story 3 ?Sunnyside
66%
Comment s'appelle le méchant apparaissant à la toute fin du film Les Indestructibles ?Le Démolisseur
64%
Pourquoi Flash McQueen s'est-il fait arrêté dans Cars 1 ?Il roulait trop vite
61%
Pourquoi EVE a-t-elle été envoyée sur Terre dans le film WALL-E ?Pour chercher de la végétation
60%
Quel est le nom du carburant créé par Miles Axlerod dans Cars 2 ?Allinol
55%
Qui est Alfredo Linguini par rapport à Auguste Gusteau dans Ratatouille ?C'est son fils
41%
Quel est le nom complet du patron de Bob dans les Indestructibles 1 ?Gilbert Huph
21%
Quel est le nom complet de l'ami de Jacques Sullivan dans le film Monstres et Cie ?Robert Razowski
20%

Distribution des résultats

Percentile par nombre de réponses

% des personnes avec chaque résultat

Votre développement - résultats

Vous n’avez pas pris ce quiz